000 00737nam a22002057a 4500
999 _c2706
_d2706
003 AR-CdUCM
008 190305b ||||| |||| 00| 0 spa d
040 _aMUNICIPALIDAD PROVINCIAL DEL CUSCO
_cBIBLIOTECA MUNICIPAL DEL CUSCO
082 _23ed.
_a373.4 /
_bA58
100 _aAngeles Caballero, Cesar A.
_99487
245 _aLa investigación monográfica /
260 _aLima :
_bMinerva,
_c1962.
300 _a240 páginas ;
_c20 cm.
505 _aTrabajo intelectual -- Los libros -- El arte de pensar -- La técnica del estudio -- La lectura -- Guia para la lectura en bibliotecas...
650 _aLibros.
_91857
650 _aBibliotecas.
_99488
650 _aMonografía.
_99489
942 _2ddc
_cLIBROS
945 _awfj
_d2019-03-05